Протоколы №№ 25-27 заседаний Тверского губернского Экономического Совета за ноябрь-декабрь 1921 года

Доступно только в Электронных читальных залах Найти на картеНа карте
RUSMARC
00003857nac2a22002771x 450
001cf0b7f8e-cfd4-49e3-b7be-faa5cab2a34b
00520160709155808.0
100##$a20160524l19211921k y0rusy50 ca
1010#$arus
102##$aRU
105##$ay z |||||
1222#$ad19211124
$ad19211210
1222#$ad192111
$ad192112
2001#$aПротоколы №№ 25-27 заседаний Тверского губернского Экономического Совета за ноябрь-декабрь 1921 года
$j24 ноября - 10 декабря 1921
215##$a10 листов
251##$cДело
300##$aМашинописный текст
324##$aКопии
330##$aВходит в раздел описи: Управление Делами Секретариат. I. Протоколы. и/ Протоколы республиканских, краевых, областных и губернских экономических совещаний. Р. С.Ф. С.Р.
461#0$1001ad6baeac-e292-4829-90d1-2f4f65796a62
$12001
$aСОВЕТ НАРОДНЫХ КОМИССАРОВ РСФСР (СНК РСФСР)
$1251
$cФонд
$1852
$j130
$gР
462#0$1001749580a7-5abb-40c4-a39c-e540631a040a
$12001
$a1921 г.
$vД. 555
$1251
$cОпись
$1852
$j5
60101$3RU\NLR\AUTH\661074810
$aРСФСР
$bСовет Народных Комиссаров
60102$aТверской губерский Экономический Совет
801#0$aRU
$bGA_RF
801#1$aRU
$bНПО Опыт
$c20160524
$2rusmarc
801#2$aRU
$bПБ им. Б.Н. Ельцина
$c20160709
$gRCR
$2rusmarc
852##$aГА РФ
$j555
937##$d79115254
$hПБ
035##$aRuPRLIB51039144
Формат отображения